000 00682nam a2200289Ia 4500
005 20260324133303.0
008 008 260324s9999 xx 000 0 eng d
020 _a9780203402320
037 _aEBOOK
040 _aCRL
040 _beng
040 _cCRL
041 _2eng
041 _aeng
084 _qCRL
100 _aEdward Hobson
_91192517
245 0 _aConservation and Planning
245 0 _bChanging Values in Policy and Practice
260 _bTaylor and Francis
260 _c2003
365 _a
365 _b290
856 _uhttp://www.taylorfrancis.com/books/9780203402320
942 _cEBOOK
999 _c1791416
_d1791416